|
|
|
|
| LEADER |
01215nam a22002892a 4500 |
| 001 |
000273117 |
| 003 |
CZ BrMZK |
| 005 |
20141006112821.0 |
| 007 |
ta |
| 008 |
980107s1961 xr f cze d |
| 015 |
|
|
|a cnb000516253
|
| 035 |
|
|
|a (OCoLC)83083719
|
| 040 |
|
|
|a BOA001
|b cze
|
| 100 |
1 |
|
|a Malířová, Helena,
|d 1877-1940
|7 jk01073278
|4 aut
|
| 245 |
1 |
0 |
|a Lidské srdce :
|b výbor z povídek /
|c Helena Malířová ; uspořádal, k vydání připravil, předmluvu a ediční poznámku napsal Zdeněk Eis
|
| 250 |
|
|
|a 1. vyd.
|
| 260 |
|
|
|a Praha :
|b Československý spisovatel,
|c 1961
|
| 300 |
|
|
|a 304 s.
|
| 490 |
1 |
|
|a Vybrané spisy Heleny Malířové ;
|v sv. 6
|
| 700 |
1 |
|
|a Eis, Zdeněk,
|d 1930-
|7 jk01030355
|4 edt
|4 wfw
|
| 800 |
1 |
|
|a Malířová, Helena,
|d 1877-1940.
|t Vybrané spisy
|0 s
|
| 856 |
4 |
1 |
|u http://www.digitalniknihovna.cz/mzk/uuid/uuid:544e8140-b5a1-11e3-9d7d-005056827e51
|y Digitalizovaný dokument
|x NDK
|
| 910 |
|
|
|a BOA001
|b PK-0026.389
|b 2-0449.451
|
| 920 |
|
|
|a 000194451
|
| 990 |
|
|
|a BK
|
| 996 |
6 |
|
|b 2619932507
|c 2-0449.451
|l MZK
|r Sklad / do 24 hodin
|n 4
|w 000273117
|u 000020
|a 1
|e BOA001
|j MZK50
|s P
|
| 996 |
7 |
|
|b 3119916900
|c PK-0026.389
|l MZK
|r Sklad / do 1 hodiny
|n 4
|w 000273117
|u 000010
|a 1
|e BOA001
|j MZK50
|s A
|